Sage handbook of social media research methods / (Record no. 48384)

MARC details
000 -LEADER
fixed length control field 00543nam a2200205Ia 4500
005 - DATE AND TIME OF LATEST TRANSACTION
control field 20260122095511.0
008 - FIXED-LENGTH DATA ELEMENTS--GENERAL INFORMATION
fixed length control field 260121s9999||||xx |||||||||||||| ||und||
020 ## - INTERNATIONAL STANDARD BOOK NUMBER
International Standard Book Number 9781529720969
082 ## - DEWEY DECIMAL CLASSIFICATION NUMBER
Classification number 302.2310721
Item number QUA
100 ## - MAIN ENTRY--PERSONAL NAME
Personal name Quan-Haase, Anabel
245 #0 - TITLE STATEMENT
Title Sage handbook of social media research methods /
250 ## - EDITION STATEMENT
Edition statement 2nd ed.
260 ## - PUBLICATION, DISTRIBUTION, ETC. (IMPRINT)
Place of publication, distribution, etc Los Angeles :
Name of publisher, distributor, etc Sage,
Date of publication, distribution, etc 2022.
300 ## - PHYSICAL DESCRIPTION
Extent xxix, 738 p.; hb
650 ## - SUBJECT ADDED ENTRY--TOPICAL TERM
Topical term or geographic name as entry element Analytical tools
650 ## - SUBJECT ADDED ENTRY--TOPICAL TERM
Topical term or geographic name as entry element Research methods
650 ## - SUBJECT ADDED ENTRY--TOPICAL TERM
Topical term or geographic name as entry element Social media
700 ## - ADDED ENTRY--PERSONAL NAME
Personal name Sloan, Luke
942 ## - ADDED ENTRY ELEMENTS (KOHA)
Koha item type Text Books
Holdings
Date last seen Total Checkouts Full call number Barcode Price effective from Koha item type Lost status Damaged status Not for loan Collection code Withdrawn status Home library Current library Shelving location Date acquired Source of acquisition
22/01/2026   302.2310721 QUA 54630 22/01/2026 Text Books       Non-fiction   CUTN Central Library CUTN Central Library Social Sciences 22/01/2026 TBH Library Book Suppliers, Chennai - Invoice No. - SINV01061 on 06-03-2025